Statistics for Capitals of the World - One Minute Sprint

Click here to take the quiz!

General Stats

  • This quiz has been taken 44 times
  • The average score is 32 of 196

Answer Stats

Answer% Correct
London
86%
Paris
83%
Rome
66%
Berlin
59%
Lima
59%
Madrid
59%
Tokyo
59%
Washington
55%
Bern
52%
Ottawa
52%
Riga
52%
Lisbon
48%
Oslo
48%
Cairo
41%
Dublin
41%
Seoul
41%
Stockholm
41%
Athens
38%
Mexico City
38%
Brasília
34%
Buenos Aires
34%
Kiev
34%
Moscow
34%
New Delhi
34%
Quito
34%
Amsterdam
31%
Lomé
31%
Malé
31%
Prague
31%
Warsaw
31%
Beijing
28%
Brussels
28%
Minsk
28%
Riyadh
28%
Sofia
28%
Suva
28%
Tehran
28%
Tunis
28%
Vienna
28%
Abuja
24%
Algiers
24%
Ankara
24%
Apia
24%
Baghdad
24%
Cape Town
24%
Caracas
24%
Copenhagen
24%
Dili
24%
Havana
24%
Helsinki
24%
Panama City
24%
Pristina
24%
Rabat
24%
Santiago
24%
Tirana
24%
Bucharest
21%
Dhaka
21%
La Paz
21%
Tripoli
21%
Vatican City
21%
Wellington
21%
Zagreb
21%
Accra
17%
Bangui
17%
Banjul
17%
Budapest
17%
Canberra
17%
Dakar
17%
Jakarta
17%
Juba
17%
Kingston
17%
Manila
17%
Monaco
17%
Vilnius
17%
Yerevan
17%
Asunción
14%
Beirut
14%
Bogotá
14%
Doha
14%
Guatemala City
14%
Hanoi
14%
Islamabad
14%
Kabul
14%
Montevideo
14%
Nicosia
14%
Podgorica
14%
Praia
14%
Singapore
14%
Taipei
14%
Tallinn
14%
Tbilisi
14%
Vaduz
14%
Yaren
14%
Abu Dhabi
10%
Amman
10%
Ashgabat
10%
Asmara
10%
Baku
10%
Bamako
10%
Bangkok
10%
Bissau
10%
Chișinău
10%
Dodoma
10%
Funafuti
10%
Georgetown
10%
Jerusalem
10%
Kuwait City
10%
Manama
10%
Muscat
10%
Nassau
10%
Sana'a
10%
San Marino
10%
Skopje
10%
Valletta
10%
Addis Ababa
7%
Antananarivo
7%
Astana
7%
Belgrade
7%
Bujumbura
7%
Damascus
7%
Harare
7%
Kampala
7%
Khartoum
7%
Kigali
7%
Kuala Lumpur
7%
Luxembourg
7%
Maputo
7%
Nairobi
7%
Niamey
7%
Paramaribo
7%
Port Louis
7%
Port Moresby
7%
Port-of-Spain
7%
Reykjavik
7%
Saint George's
7%
Saint John's
7%
San José
7%
São Tomé
7%
Sarajevo
7%
Windhoek
7%
Andorra la Vella
3%
Bandar Seri
Begawan
3%
Basseterre
3%
Belmopan
3%
Bishkek
3%
Bratislava
3%
Brazzaville
3%
Bridgetown
3%
Castries
3%
Colombo
3%
Djibouti
3%
Dushanbe
3%
Freetown
3%
Honiara
3%
Ljubljana
3%
Luanda
3%
Majuro
3%
Malabo
3%
Managua
3%
Maseru
3%
Mogadishu
3%
N'Djamena
3%
Ouagadougou
3%
Phnom Penh
3%
Port-au-Prince
3%
Porto-Novo
3%
Port Vila
3%
Pyongyang
3%
San Salvador
3%
Santo Domingo
3%
South Tarawa
3%
Tashkent
3%
Tegucigalpa
3%
Thimphu
3%
Ulaanbaatar
3%
Victoria
3%
Vientiane
3%
Yaoundé
3%
Conakry
0%
Gaborone
0%
Kathmandu
0%
Kingstown
0%
Kinshasa
0%
Libreville
0%
Lilongwe
0%
Lusaka
0%
Mbabane
0%
Monrovia
0%
Moroni
0%
Naypyidaw
0%
Ngerulmud
0%
Nouakchott
0%
Nuku'alofa
0%
Palikir
0%
Roseau
0%
Yamoussoukro
0%

Score Distribution

Percentile by Number Answered

Percent of People with Each Score

Your Score History

You have not taken this quiz